Регионална библиотека "Любен Каравелов" - Русе

Руски народни приказки (Запис номер 438481)

MARC детайли
000 -Лидер
Контролно поле с фиксирана дължина 01441nam a2200301 a 4500
003 - Код на организацията, давaща контролен номер
Контролно поле BLK
005 - Дата и час на последна редакция
Контролно поле 20250110112324.0
008 - Елементи от данни с фиксирана дължина
fixed length control field 200310b bu ||||| |||| 00| 0 bu d
020 ## - Международен стандартен номер на книга ISBN
Международен стандартен номер на книга ISBN 9789543986583
040 ## - Източник на каталожния запис
Идентификатор на билиотеката - собственик на записа BLK
041 ## - Код за език
Код за езика на текст/звукозапис или на отделно заглавие Български
Код за езика КДБФ Български
080 ## - УДК
Текстов определител УДК Руска литература
УДК код - определител по УДК 821.161.1
УДК определител -93-34
УДК - код + определител 821.161.1-93-34
100 ## - Редна дума - Автор
Автор Афанасиев, Александър Николаевич
Авторска отговорност първи автор
R(LIN) 1299
139 ## - Редно поле
Редна дума Афанасиев, Александър Николаевич
Авторски знак Аф - А 94
245 ## - Сведения за заглавието
Заглавие Руски народни приказки
Редно поле (дума) Александър Николаевич Афанасиев ; прев. от рус. Красимира Стоичкова
257 ## - Страна на издаване
Страна на създаване/издаване Русия
260 ## - Област на издателските данни
9 (RLIN) 209481
Място на издаване, разпространение и проч. София
Име на издателя, разпространителя и проч. Труд
Година на издаване 2021
Издателство - префикс ISBN 978-954-398- ; 978-954-528-
Печатница ([Костинброд] : Мултипринт ООД)
300 ## - Физическа характеристика
Страници 312 с.
Илюстрации и др. с ил.
Размери/Мащаб 21 см
380 ## - Жанр
Жанр Детска худож. лит.
490 ## - СЕРИИ (Колекции)
9 (RLIN) 203328
Име на серия Златни детски книги
№: серия 80
500 ## - Общи забележки
Забележка Прев. по: Народные русские сказки / А. Н. Афанасьев. - Биогр. данни за авт. отбелязани на гърба на кор.
700 ## - Други автори (авторска отговорност)
9 (RLIN) 252478
Лично име Стоичкова, Красимира Николова
Автороска отговорност (Описва отношението между автора и произведението) прев. от рус.
852 ## - Местоположение
Форматна сигнатура Цб
856 ## - Електронен адрес и достъп
Инструкция (цена за достъп) 0.00
Права за достъп disable
999 ## - СИСТЕМНИ КОНТРОЛНИ НОМЕРА
Koha biblionumber 438481
Koha biblioitemnumber 438481
942 ## - АРТИКУЛИ
Вид на библиотечния материал Книги
Скрит в OPAC Не
Периодичен библиозапис Да
Koha issues (borrowed), all copies 8
944 ## - СЪЗДАВАНЕ И РЕДАКЦИЯ на ЗАПИСА
Създаване/Редакция Създаване
Дата на регистрацията/редакция 2021-11-29
Статус, дата на статуса Цветелина Шанова
Служител, извършил регистрацията/редакцията 30531
999 ## - СИСТЕМНИ КОНТРОЛНИ НОМЕРА
Koha biblioitemnumber 438481
Наличности
Код за отписване Код за изгубен артикул Източник на класификационната схема Код за повреда Коз за рестрикции Код за отдаване Артикулен № Име на библиотеката - собственик Име на библиотеката, в която се намира в момента Статус (Текущо местоположение) Дата на вписване в системата Местоположение - отдел Цена в лева Систематично азбучна сигнатура Баркод Цена в евро Служебен тип на артикула
  Не е изгубен Universal Decimal Classification Не е повреден само за читалня ползва се в читалня 867668 Регионална библиотека "Любен Каравелов" Русе Регионална библиотека "Любен Каравелов" Русе Хранилище 2022-01-13 Хранилище 16.99 Цб 310051 120000863719 8.69 Книги
  Не е изгубен Universal Decimal Classification Не е повреден без рестрикции заемане за дома 922946 Регионална библиотека "Любен Каравелов" Русе Регионална библиотека "Любен Каравелов" Русе Детски отдел 2023-02-06 Детски отдел 12.75 821-93/А 94 А 120000882571 6.52 Книги
  Не е изгубен Universal Decimal Classification Не е повреден без рестрикции заемане за дома 922947 Регионална библиотека "Любен Каравелов" Русе Регионална библиотека "Любен Каравелов" Русе Детски отдел 2023-02-06 Детски отдел 12.75 821-93/А 94 А 120000882572 6.52 Книги
  Не е изгубен Universal Decimal Classification Не е повреден без рестрикции заемане за дома 922948 Регионална библиотека "Любен Каравелов" Русе Регионална библиотека "Любен Каравелов" Русе Детски отдел 2023-02-06 Детски отдел 12.75 821-93/А 94 А 120000882569 6.52 Книги
  Не е изгубен Universal Decimal Classification Не е повреден без рестрикции заемане за дома 922949 Регионална библиотека "Любен Каравелов" Русе Регионална библиотека "Любен Каравелов" Русе Детски отдел 2023-02-06 Детски отдел 12.75 821-93/А 94 А 120000882570 6.52 Книги
Vip Innovations Ltd, Rousse, Bulgaria 2025